000 00506nam a2200169Ia 4500
005 20250326145108.0
008 250326s9999 xx 000 0 und d
037 _aTextbook
040 _aFMSL
_beng
_cFMSL
041 _aeng
_2eng
084 _aX:9 Q0
_qFMSL
100 _aChalofsky N
_9750635
245 0 _aMeaningful workplaces:reframing how and where we work
_cChalofsky N
260 _aSan Francisco
_bSan Francisco, Jossey- Bass
_c2010
942 _cTB
_hX:9 Q0
999 _c1306354
_d1306354